[Event "Amagermesterskabet 2015"]
[Site "Sundbyoster"]
[Date "2015.10.20"]
[Round "7"]
[White "Pedersen, Kim Michael"]
[Black "Haagen Larsen, Hans"]
[Result "1-0"]
[WhiteElo "1695"]
[BlackElo "1606"]
[PlyCount "102"]
[EventDate "2015.??.??"]

1. e4 e6 2. d4 d5 3. e5 c5 4. c3 Nd7 5. Nf3 Ne7 6. Bd3 Nc6 7. a3 Qb6 8. Be2 Be7
9. O-O f5 10. b4 c4 11. Bg5 Nf8 12. a4 a6 13. Na3 Ng6 14. Bxe7 Ncxe7 15. a5 Qd8
16. Qd2 f4 17. Ng5 Nf5 18. Nh3 Qh4 19. Nc2 O-O 20. Ne1 Qh6 21. Nf3 Nfh4 22.
Nhg5 Rf5 23. Nxh4 Nxh4 24. Nf3 Ng6 25. h3 Bd7 26. Nh2 Qg5 27. Bg4 Rf7 28. Rfb1
h5 29. Bf3 Nh4 30. Qe2 Rf5 31. Kh1 Kh8 32. Rg1 Qh6 33. g3 fxg3 34. Rxg3 Raf8
35. Rag1 g6 36. Rf1 Be8 37. Qe3 g5 38. Rfg1 Rg8 39. Be2 Rg7 40. Nf3 Nxf3 41.
Bxf3 Kh7 42. R1g2 Rgf7 43. Bd1 Rg7 44. Bc2 h4 45. Rxg5 Rgxg5 46. Qxg5 Qxg5 47.
Rxg5 Bg6 48. Bxf5 exf5 49. f4 Kg7 50. Kg2 Kf7 51. e6+ Kf6 1-0

[Event "Amagermesterskabet 2015"]
[Site "Sundbyoster"]
[Date "2015.10.20"]
[Round "7"]
[White "Petersen, Christian Skibsted"]
[Black "Svensson, John Michael"]
[Result "0-1"]
[WhiteElo "1728"]
[BlackElo "1477"]
[PlyCount "102"]
[EventDate "2015.??.??"]

1. d4 Nf6 2. Bg5 e6 3. Nc3 h6 4. Bh4 Bb4 5. f3 Be7 6. e4 c6 7. Bd3 Qb6 8. Nge2
Qxb2 9. Rb1 Qa3 10. O-O Qa5 11. f4 Nxe4 12. Nxe4 Bxh4 13. Nd6+ Kf8 14. Nxc8 Qc7
15. Nd6 Qxd6 16. Rxb7 g6 17. c3 Bd8 18. Rb2 c5 19. Be4 Nc6 20. d5 exd5 21. Bxd5
Rb8 22. Rxb8 Nxb8 23. f5 g5 24. Qb3 f6 25. Ng3 Bb6 26. c4 Bc7 27. Re1 Nc6 28.
Bxc6 Qxc6 29. Qe3 Be5 30. Kf1 Kf7 31. Ne4 d6 32. Nc3 Re8 33. Qh3 Rh8 34. Nd5 h5
35. Qb3 Rd8 36. g3 Qc8 37. Qb1 Qa6 38. Kg2 Rd7 39. Qd1 g4 40. Qc1 Kg7 41. h3
Qxa2+ 42. Kh1 gxh3 43. Rg1 Bd4 44. Qb1 Qf2 45. Nf4 Qxg1+ 46. Qxg1 Bxg1 47. Kxg1
a5 48. Nxh5+ Kf7 49. Nf4 a4 50. Nd3 a3 51. Nc1 Rb7 0-1

[Event "Amagermesterskabet 2015"]
[Site "Sundbyoster"]
[Date "2015.10.20"]
[Round "7"]
[White "Petersen, Nils"]
[Black "Frank Nielsen, Marie"]
[Result "1-0"]
[WhiteElo "1906"]
[BlackElo "1926"]
[PlyCount "97"]
[EventDate "2015.??.??"]

1. c4 Nf6 2. g3 g6 3. Bg2 Bg7 4. Nc3 O-O 5. e4 d6 6. Nge2 c5 7. O-O Nc6 8. d3
a6 9. a3 Rb8 10. Rb1 Ne8 11. Be3 Nc7 12. d4 cxd4 13. Nxd4 Ne6 14. Nxe6 Bxe6 15.
Nd5 b5 16. cxb5 axb5 17. Rc1 Bd7 18. Qd2 Re8 19. Rc2 e6 20. Nb4 Nxb4 21. Qxb4
Bf8 22. Rfc1 e5 23. Qd2 Rc8 24. Bf1 Rxc2 25. Qxc2 Qf6 26. Qd2 Qf3 27. Bg2 Qh5
28. f3 f5 29. Qd5+ Be6 30. Qxb5 Bf7 31. Qd3 d5 32. exd5 e4 33. fxe4 fxe4 34.
Qd1 Qf5 35. d6 Rd8 36. Bc5 Bh6 37. Bb6 Bxc1 38. Bxd8 Qc5+ 39. Kh1 e3 40. Bf6 e2
41. Qxe2 Qxd6 42. Bc3 Bh6 43. Bf3 Bd5 44. Kg2 g5 45. Bxd5+ Qxd5+ 46. Qf3 Qb3
47. Qe4 Qd1 48. Qe8+ Bf8 49. Qe6# 1-0

[Event "Amagermesterskabet 2015"]
[Site "Sundbyoster"]
[Date "2015.10.20"]
[Round "7"]
[White "Skovgaard, Ib"]
[Black "Lontoft, Sven"]
[Result "1-0"]
[WhiteElo "1978"]
[BlackElo "1619"]
[PlyCount "97"]
[EventDate "2015.??.??"]

1. e4 d5 2. exd5 Qxd5 3. Nc3 Qa5 4. d4 c6 5. Bd2 Bf5 6. Bc4 Qc7 7. Qe2 Bxc2 8.
Nf3 Nf6 9. Rc1 Bg6 10. O-O Nbd7 11. Nb5 Qb8 12. Ne5 cxb5 13. Bxb5 Qd8 14. Ba4
a6 15. Nc4 e6 16. Ba5 Qb8 17. Nb6 Bd6 18. h3 Ke7 19. Bxd7 Nxd7 20. Rc7 Bxc7 21.
Nd5+ Kf8 22. Bxc7 Qa7 23. Bd6+ Ke8 24. Rc1 Qxd4 25. Nc7+ Kd8 26. Rd1 Qa7 27.
Qd2 Kc8 28. Nxa8 Qxa8 29. Qc3+ Kd8 30. Rc1 f6 31. Qc7+ Ke8 32. Qc8+ Qxc8 33.
Rxc8+ Kf7 34. Rxh8 e5 35. Rc8 Ke6 36. Bf8 Kf7 37. Rc7 Bf5 38. Bb4 Ke6 39. Rxb7
Kd5 40. Rc7 g5 41. g4 Be6 42. Be7 f5 43. gxf5 Bxf5 44. Ra7 Bxh3 45. Rxa6 g4 46.
Rd6+ Ke4 47. Rxd7 g3 48. Rd6 gxf2+ 49. Kxf2 1-0

[Event "Amagermesterskabet 2015"]
[Site "Sundbyoster"]
[Date "2015.10.20"]
[Round "7"]
[White "Sorensen, Ole"]
[Black "Gade, Jens"]
[Result "1-0"]
[WhiteElo "1612"]
[BlackElo "1390"]
[PlyCount "85"]
[EventDate "2015.??.??"]

1. d4 Nf6 2. c4 d5 3. Nf3 c6 4. g3 Bf5 5. cxd5 cxd5 6. Qb3 Qb6 7. Qxb6 axb6 8.
Bg2 e6 9. Bf4 Nc6 10. O-O Be7 11. Nc3 O-O 12. a3 Na5 13. Nd2 Nc6 14. e3 Bd3 15.
Rfc1 Rfc8 16. Bf1 Bxf1 17. Kxf1 Nh5 18. Ne2 Nxf4 19. Nxf4 b5 20. Nd3 b6 21. Nb3
Kf8 22. Ke2 Ke8 23. h4 Kd7 24. Ne5+ Nxe5 25. dxe5 Bc5 26. Nd4 Bxd4 27. exd4 Rc4
28. Kd3 Rac8 29. Rc3 f5 30. h5 Ra8 31. b3 Rxc3+ 32. Kxc3 Rc8+ 33. Kb4 Rc2 34.
Kxb5 Rd2 35. Kxb6 Rxd4 36. Rc1 Rd3 37. Rc7+ Ke8 38. Rxg7 Rxb3+ 39. Kc5 Rxa3 40.
Rxh7 Rc3+ 41. Kd6 d4 42. Kxe6 Rf3 43. Rh8# 1-0